[Event "LSS RN-2009-0-00233"]
[Site "LSS email"]
[Date "2009.10.12"]
[Round "?"]
[White "Starks, Devin"]
[Black "Barna, Tamas Jr"]
[Result "0-1"]
[WhiteElo "800"]
[BlackElo "514"]
[PlyCount "38"]
[EventDate "2009.09.17"]
[EventType "tourn (corr)"]
[EventRounds "6"]
[EventCountry "GER"]
[SourceTitle "Telechess CBM 137"]
[Source "ChessBase"]
[SourceDate "2010.07.15"]
[SourceVersion "1"]
[SourceVersionDate "2010.07.15"]
[SourceQuality "1"]

1. d4 d5 2. c4 c6 3. Nf3 e6 4. Nc3 Nf6 5. Bg5 Be7 6. e3 0-0 7. Qc2 Bd7 8. Bd3 c5 9. cxd5 exd5 10. Bxf6 Bxf6 11. Nxd5 Bc6 12. Nxf6+ Qxf6 13. Bxh7+ Kh8 14. Qxc5 Nd7 15. Qh5 Qh6 16. Qxh6 gxh6 17. Bf5 Nf6 18. Rg1 Bxf3 19. gxf3 Rg8 0-1

[Event "LSS RN-2009-0-00233"]
[Site "LSS email"]
[Date "2009.10.12"]
[Round "?"]
[White "Starks, Devin"]
[Black "Reed, James A"]
[Result "0-1"]
[WhiteElo "800"]
[BlackElo "746"]
[PlyCount "36"]
[EventDate "2009.09.17"]
[EventType "tourn (corr)"]
[EventRounds "6"]
[EventCountry "GER"]
[SourceTitle "Telechess CBM 137"]
[Source "ChessBase"]
[SourceDate "2010.07.15"]
[SourceVersion "1"]
[SourceVersionDate "2010.07.15"]
[SourceQuality "1"]

1. d4 d5 2. Nf3 Nf6 3. c4 c6 4. Nc3 e6 5. Bg5 h6 6. Bh4 Bb4 7. e3 Nbd7 8. Bd3 0-0 9. 0-0 Bxc3 10. bxc3 Qa5 11. Qc2 dxc4 12. Bxc4 Re8 13. a4 b6 14. Nd2 Qf5 15. Bd3 Qd5 16. a5 e5 17. axb6 Nxb6 18. Bxf6 gxf6 0-1

[Event "LSS RN-2009-0-00233"]
[Site "LSS email"]
[Date "2009.10.12"]
[Round "?"]
[White "Vontina, Maria"]
[Black "Starks, Devin"]
[Result "1-0"]
[WhiteElo "642"]
[BlackElo "800"]
[PlyCount "47"]
[EventDate "2009.09.17"]
[EventType "tourn (corr)"]
[EventRounds "6"]
[EventCountry "GER"]
[SourceTitle "Telechess CBM 137"]
[Source "ChessBase"]
[SourceDate "2010.07.15"]
[SourceVersion "1"]
[SourceVersionDate "2010.07.15"]
[SourceQuality "1"]

1. e4 e6 2. d4 d5 3. Nc3 Nf6 4. Bg5 Be7 5. e5 Nfd7 6. Bxe7 Qxe7 7. Nf3 0-0 8. Bd3 c5 9. dxc5 f6 10. exf6 Qxf6 11. 0-0 Nxc5 12. Be2 Nc6 13. a3 d4 14. Nb5 a6 15. Nd6 e5 16. Bc4+ Kh8 17. Nxc8 Raxc8 18. Qe2 e4 19. Ne1 d3 20. cxd3 Nd4 21. Qe3 b5 22. Ba2 exd3 23. Nxd3 Nc2 24. Qe2 1-0

[Event "LSS CP-2009-P-00040"]
[Site "LSS email"]
[Date "2009.09.27"]
[Round "?"]
[White "Davila, Oscar Alfredo"]
[Black "Starks, Devin"]
[Result "1-0"]
[WhiteElo "1681"]
[BlackElo "800"]
[PlyCount "25"]
[EventDate "2009.10.01"]
[EventType "tourn (corr)"]
[EventRounds "6"]
[EventCountry "GER"]
[SourceTitle "Corr 2013"]
[Source "ChessBase"]
[SourceDate "2012.11.12"]
[SourceVersion "1"]
[SourceVersionDate "2012.11.12"]
[SourceQuality "1"]
[WhiteTeam "US of America"]
[BlackTeam "US of America"]
[WhiteTeamCountry "USA"]
[BlackTeamCountry "USA"]

1. c4 e6 2. d4 Nf6 3. Nf3 b6 4. Nc3 Bb4 5. Qc2 Bb7 6. Bg5 h6 7. Bh4 g5 8. Bg3 Ne4 9. e3 Bxc3+ 10. bxc3 d6 11. Bd3 Nxg3 12. hxg3 Nd7 13. Be4 1-0

[Event "LSS CP-2009-P-00040"]
[Site "LSS email"]
[Date "2009.09.27"]
[Round "?"]
[White "Starks, Devin"]
[Black "Hrubaru, Mircea"]
[Result "0-1"]
[WhiteElo "800"]
[BlackElo "2057"]
[PlyCount "34"]
[EventDate "2009.10.01"]
[EventType "tourn (corr)"]
[EventRounds "6"]
[EventCountry "GER"]
[SourceTitle "Telechess CBM 137"]
[Source "ChessBase"]
[SourceDate "2010.07.15"]
[SourceVersion "1"]
[SourceVersionDate "2010.07.15"]
[SourceQuality "1"]

1. Nf3 Nf6 2. c4 e6 3. d4 d5 4. Nc3 c6 5. e3 Nbd7 6. Bd3 dxc4 7. Bxc4 b5 8. Bd3 Bb7 9. 0-0 b4 10. Ne4 Be7 11. Nxf6+ Nxf6 12. e4 0-0 13. e5 Nd7 14. Be4 Qb6 15. Qc2 h6 16. Be3 c5 17. Rfd1 Rac8 0-1

[Event "LSS CP-2009-P-00040"]
[Site "LSS email"]
[Date "2009.09.27"]
[Round "?"]
[White "Starks, Devin"]
[Black "Podgursky, Artur"]
[Result "0-1"]
[WhiteElo "800"]
[BlackElo "2234"]
[PlyCount "34"]
[EventDate "2009.10.01"]
[EventType "tourn (corr)"]
[EventRounds "6"]
[EventCountry "GER"]
[SourceTitle "Telechess CBM 137"]
[Source "ChessBase"]
[SourceDate "2010.07.15"]
[SourceVersion "1"]
[SourceVersionDate "2010.07.15"]
[SourceQuality "1"]

1. d4 Nf6 2. Nf3 e6 3. Bg5 c5 4. e3 cxd4 5. exd4 Qb6 6. Nc3 Be7 7. Qd2 Nc6 8. 0-0-0 0-0 9. Be2 h6 10. Bf4 Bb4 11. Bxh6 Ne4 12. Qe3 Bxc3 13. bxc3 d5 14. Bf4 Ne7 15. Bd3 Nxc3 16. Bh7+ Kxh7 17. Qxc3 f6 0-1